[Event "Olympiad-42"]
[Site "Baku"]
[Date "2016.09.09"]
[Round "7.2"]
[White "Li Ying, Patrick"]
[Black "Masrahi, Abdulrahman A"]
[Result "0-1"]
[WhiteElo "2131"]
[BlackElo "1900"]
[PlyCount "68"]
[EventDate "2016.09.02"]
[EventType "team-swiss"]
[EventRounds "11"]
[EventCountry "AZE"]
[SourceTitle "CBM 175"]
[Source "ChessBase"]
[SourceDate "2016.11.10"]
[SourceVersion "1"]
[SourceVersionDate "2016.11.10"]
[SourceQuality "1"]
[WhiteTeam "Mauritius"]
[BlackTeam "Saudi Arabia"]
[WhiteTeamCountry "MRI"]
[BlackTeamCountry "SAU"]

1. d4 d5 2. Nf3 Nf6 3. Bf4 c5 4. e3 Nc6 5. Be2 Bf5 6. c3 Qb6 7. Qb3 c4 8. Qxb6 axb6 9. Nbd2 b5 10. Nh4 Bd7 11. h3 h6 12. Nhf3 Bf5 13. 0-0 e6 14. a3 Nd7 15. Rfe1 Nb6 16. Bd1 b4 17. Bc7 bxc3 18. bxc3 Na4 19. Bxa4 Rxa4 20. e4 dxe4 21. Nxe4 Kd7 22. Bb6 Bxe4 23. Rxe4 Rxa3 24. Rd1 Rxc3 25. d5 exd5 26. Rxd5+ Bd6 27. Ne1 Ne7 28. Rd1 Rc8 29. Nf3 Rd3 30. Rde1 Nd5 31. Bd4 f6 32. Rb1 Rc7 33. Ne1 Rd2 34. Ba7 Nc3 0-1

[Event "Olympiad-42"]
[Site "Baku"]
[Date "2016.09.03"]
[Round "2.1"]
[White "Rayes, Abdul Kader"]
[Black "Li Ying, Patrick"]
[Result "1-0"]
[WhiteElo "2254"]
[BlackElo "2131"]
[PlyCount "65"]
[EventDate "2016.09.02"]
[EventType "team-swiss"]
[EventRounds "11"]
[EventCountry "AZE"]
[SourceTitle "CBM 175"]
[Source "ChessBase"]
[SourceDate "2016.11.10"]
[SourceVersion "1"]
[SourceVersionDate "2016.11.10"]
[SourceQuality "1"]
[WhiteTeam "Syria"]
[BlackTeam "Mauritius"]
[WhiteTeamCountry "SYR"]
[BlackTeamCountry "MRI"]

1. Nf3 Nf6 2. g3 b6 3. Bg2 Bb7 4. 0-0 e6 5. c4 Be7 6. d4 0-0 7. Nc3 d5 8. Ne5 Nbd7 9. Qa4 c6 10. cxd5 Nxe5 11. dxe5 Nxd5 12. Nxd5 cxd5 13. h4 Qe8 14. Qg4 f5 15. exf6 Bxf6 16. e4 Ba6 17. Re1 Bd4 18. Bf4 e5 19. exd5 Qf7 20. Be3 Bxb2 21. Rab1 Bc3 22. Red1 Bb7 23. Rbc1 Bb2 24. Rc2 Ba3 25. Qe4 Bd6 26. Bf1 Rac8 27. Rc6 Bc5 28. Rxc8 Rxc8 29. Bxc5 Rxc5 30. Qxe5 g6 31. Bg2 Rc2 32. Qe3 Rxa2 33. d6 1-0

[Event "Olympiad-42"]
[Site "Baku"]
[Date "2016.09.02"]
[Round "1.1"]
[White "Li Ying, Patrick"]
[Black "Utegaliev, Azamat"]
[Result "0-1"]
[WhiteElo "2131"]
[BlackElo "2513"]
[PlyCount "134"]
[EventDate "2016.09.02"]
[EventType "team-swiss"]
[EventRounds "11"]
[EventCountry "AZE"]
[SourceTitle "CBM 175"]
[Source "ChessBase"]
[SourceDate "2016.11.10"]
[SourceVersion "1"]
[SourceVersionDate "2016.11.10"]
[SourceQuality "1"]
[WhiteTeam "Mauritius"]
[BlackTeam "Kazakhstan"]
[WhiteTeamCountry "MRI"]
[BlackTeamCountry "KAZ"]

1. d4 Nf6 2. Nf3 e6 3. Bf4 b6 4. e3 Bb7 5. Be2 Be7 6. h3 0-0 7. 0-0 c5 8. c3 Nc6 9. Nbd2 d5 10. Bd3 Bd6 11. Ne5 Bxe5 12. Bxe5 Nxe5 13. dxe5 Nd7 14. f4 Qe7 15. Qh5 g6 16. Qg4 f6 17. exf6 Rxf6 18. Nf3 Raf8 19. h4 e5 20. Bb5 e4 21. Ng5 Nb8 22. Rad1 h6 23. Nh3 Qg7 24. Rf2 Bc8 25. Qg3 Be6 26. Be2 Nc6 27. Bg4 Ne7 28. Bxe6+ Rxe6 29. Rfd2 d4 30. cxd4 cxd4 31. exd4 Nd5 32. Re2 Kh7 33. Qb3 Qd7 34. h5 gxh5 35. Qc2 Kh8 36. Rf1 Qg7 37. Qc4 Rd8 38. f5 Ree8 39. Nf4 Nxf4 40. Rxf4 Rxd4 41. Qc6 Rg8 42. Qg6 Qxg6 43. fxg6 Kg7 44. Rfxe4 Rxe4 45. Rxe4 Kf6 46. Ra4 Rg7 47. Kh2 Kxg6 48. Rd4 Rf7 49. Kg3 Kg5 50. Rd5+ Kg6 51. a4 h4+ 52. Kg4 Rf2 53. Rd6+ Kf7 54. Rd7+ Ke6 55. Rxa7 Rxg2+ 56. Kxh4 Rxb2 57. Ra6 Kd5 58. Kh5 Rh2+ 59. Kg4 Kc5 60. a5 b5 61. Ra8 Ra2 62. Kh5 Kb4 63. a6 Ra5 64. Kg4 Ka3 65. Kf4 b4 66. Ke3 b3 67. Kd3 b2 0-1

[Event "Olympiad-41"]
[Site "Tromsoe"]
[Date "2014.08.04"]
[Round "3.3"]
[White "Ho, Jei Chen"]
[Black "Li Ying, Patrick"]
[Result "0-1"]
[WhiteElo "1808"]
[BlackElo "2125"]
[PlyCount "90"]
[EventDate "2014.08.02"]
[EventType "team-swiss"]
[EventRounds "11"]
[EventCountry "NOR"]
[SourceTitle "CBM 162"]
[Source "ChessBase"]
[SourceDate "2014.09.17"]
[SourceVersion "1"]
[SourceVersionDate "2014.09.17"]
[SourceQuality "1"]
[WhiteTeam "Chinese Taipei"]
[BlackTeam "Mauritius"]
[WhiteTeamCountry "TPE"]
[BlackTeamCountry "MRI"]

1. d4 e6 2. c4 d5 3. Nc3 c6 4. Nf3 Nf6 5. Bg5 Be7 6. e3 0-0 7. Qc2 Nbd7 8. Rc1 Re8 9. a3 Nf8 10. Bd3 N6d7 11. Bxe7 Qxe7 12. 0-0 dxc4 13. Bxc4 e5 14. Rfd1 e4 15. Nd2 Nf6 16. b4 Bg4 17. Re1 Rad8 18. Ba2 Bh5 19. Bb1 Bg6 20. Nc4 N8d7 21. Rcd1 Nd5 22. Nxd5 cxd5 23. Na5 Rc8 24. Qd2 b6 25. Nb3 Bh5 26. Rc1 Qg5 27. Rxc8 Rxc8 28. Rc1 Rc4 29. Kh1 b5 30. Na5 Rxc1+ 31. Qxc1 Bg4 32. h3 Be6 33. Qc7 Qh5 34. Qd8+ Nf8 35. Kh2 Qe2 36. Nc6 g6 37. Qf6 Nd7 38. Ne7+ Kf8 39. Qg5 f6 40. Nxg6+ hxg6 41. Qxg6 Qxf2 42. Bxe4 dxe4 43. Qxe4 Bf5 44. Qa8+ Ke7 45. Qxa7 Be4 0-1

[Event "Reunion op 15th"]
[Site "St Denis"]
[Date "2013.10.18"]
[Round "8"]
[White "Caron, Jean Marie"]
[Black "Li Ying, Patrick"]
[Result "1/2-1/2"]
[WhiteElo "1887"]
[BlackElo "2136"]
[PlyCount "121"]
[EventDate "2013.10.12"]
[EventType "swiss"]
[EventRounds "9"]
[EventCountry "RUF"]
[SourceTitle "EXT 2014"]
[Source "ChessBase"]
[SourceDate "2013.11.20"]
[SourceVersion "1"]
[SourceVersionDate "2013.11.20"]
[SourceQuality "1"]

1. c4 c6 2. Nf3 d5 3. b3 Bf5 4. Bb2 e6 5. e3 h6 6. Be2 Nf6 7. 0-0 Bd6 8. d4 0-0 9. Nc3 Nbd7 10. h3 Re8 11. Bd3 Ne4 12. Qc2 Ndf6 13. Nd2 Nxd2 14. Qxd2 Bxd3 15. Qxd3 Bc7 16. e4 dxe4 17. Nxe4 Nxe4 18. Qxe4 Qg5 19. Qf3 Rad8 20. Rad1 Rd7 21. Rd3 Red8 22. Rfd1 Qg6 23. Qe2 Qg5 24. Qe4 Qf4 25. Qxf4 Bxf4 26. g3 Be5 27. f4 Bf6 28. Kf2 g5 29. Ke3 gxf4+ 30. gxf4 Kh7 31. Rg1 c5 32. Rgd1 Kg6 33. Ke4 cxd4 34. Bxd4 Bh4 35. Rg1+ Kh5 36. Rgd1 f5+ 37. Ke3 a6 38. Be5 Bf2+ 39. Ke2 Rxd3 40. Rxd3 Rxd3 41. Kxd3 Kh4 42. Ke2 Bc5 43. Kf3 Kxh3 44. Bc3 Be7 45. Be1 h5 46. Bf2 Kh2 47. Be3 h4 48. Bf2 h3 49. Be3 Bd6 50. Kf2 Bb4 51. Kf3 Be1 52. Bb6 Bd2 53. Bf2 Kh1 54. Bg3 h2 55. Kf2 Bc3 56. Kf1 Bb4 57. Bh4 Bd6 58. Bg5 Bb4 59. Bd8 Bd2 60. Bc7 Bb4 61. Be5 1/2-1/2

[Event "Olympiad-40"]
[Site "Istanbul"]
[Date "2012.09.03"]
[Round "6.2"]
[White "Li Ying, Patrick"]
[Black "Kawuma, Patrick"]
[Result "1/2-1/2"]
[WhiteElo "2120"]
[BlackElo "2209"]
[PlyCount "73"]
[EventDate "2012.08.28"]
[EventType "team-swiss"]
[EventRounds "11"]
[EventCountry "TUR"]
[SourceTitle "CBM 151"]
[Source "ChessBase"]
[SourceDate "2012.11.13"]
[SourceVersion "1"]
[SourceVersionDate "2012.11.13"]
[SourceQuality "1"]
[WhiteTeam "Mauritius"]
[BlackTeam "Uganda"]
[WhiteTeamCountry "MRI"]
[BlackTeamCountry "UGA"]

1. d4 Nf6 2. Bf4 g6 3. e3 Bg7 4. Nf3 0-0 5. Be2 d6 6. 0-0 b6 7. c3 Bb7 8. Nbd2 Nbd7 9. h3 Qe8 10. Nc4 Ne4 11. a4 a6 12. Qc2 e5 13. Bh2 Qe7 14. Nfd2 Ng5 15. Rae1 e4 16. Na3 f5 17. a5 b5 18. Qb3+ Ne6 19. c4 c6 20. Rc1 Kh8 21. Rfd1 Rac8 22. cxb5 cxb5 23. Qb4 f4 24. Bg4 g5 25. Nac4 Rfe8 26. Bh5 d5 27. Qxe7 Rxe7 28. Nd6 Rxc1 29. Rxc1 Nf6 30. Bf7 Nd8 31. exf4 Nxf7 32. Nf5 Rd7 33. Nb3 Bf8 34. fxg5 Nxg5 35. Be5 Rf7 36. Nc5 Bc8 37. Nxe4 1/2-1/2

[Event "Olympiad-40"]
[Site "Istanbul"]
[Date "2012.09.01"]
[Round "5.2"]
[White "Jang, Kyungsik"]
[Black "Li Ying, Patrick"]
[Result "0-1"]
[WhiteElo "1861"]
[BlackElo "2120"]
[PlyCount "66"]
[EventDate "2012.08.28"]
[EventType "team-swiss"]
[EventRounds "11"]
[EventCountry "TUR"]
[SourceTitle "CBM 151"]
[Source "ChessBase"]
[SourceDate "2012.11.13"]
[SourceVersion "1"]
[SourceVersionDate "2012.11.13"]
[SourceQuality "1"]
[WhiteTeam "South Korea"]
[BlackTeam "Mauritius"]
[WhiteTeamCountry "KOR"]
[BlackTeamCountry "MRI"]

1. c4 c5 2. Nf3 Nc6 3. d4 cxd4 4. Nxd4 Nf6 5. Nc3 g6 6. e4 d6 7. Be2 Bg7 8. Be3 0-0 9. 0-0 Bd7 10. Qd2 Ng4 11. Bxg4 Bxg4 12. h3 Bd7 13. Rad1 a6 14. Nxc6 Bxc6 15. Bd4 Rc8 16. Bxg7 Kxg7 17. Qd4+ f6 18. Rfe1 Qa5 19. Rd2 Rf7 20. a3 Bd7 21. Nd5 Rxc4 22. Qxc4 Qxd2 23. Re3 Qxb2 24. Qc7 Bc6 25. Nf4 Qa2 26. Qc8 Qa1+ 27. Kh2 Qe5 28. g3 Bxe4 29. Qc4 d5 30. Qe2 Qd6 31. Qd2 Bf5 32. Rb3 e5 33. Ne2 Rc7 0-1

[Event "Gaborone zt 4.3"]
[Site "Gaborone"]
[Date "2011.04.06"]
[Round "6"]
[White "Solomon, Kenny"]
[Black "Li Ying, Patrick"]
[Result "1-0"]
[WhiteElo "2450"]
[BlackElo "2136"]
[PlyCount "97"]
[EventDate "2011.04.01"]
[EventType "swiss"]
[EventRounds "9"]
[EventCountry "BOT"]
[SourceTitle "EXT 2015"]
[Source "ChessBase"]
[SourceDate "2014.11.20"]
[SourceVersion "1"]
[SourceVersionDate "2014.11.20"]
[SourceQuality "1"]

1. d4 Nf6 2. c4 g6 3. Nc3 Bg7 4. e4 d6 5. Nf3 0-0 6. Be2 e5 7. Be3 Nc6 8. d5 Ne7 9. Nd2 Ne8 10. b4 f5 11. f3 f4 12. Bf2 g5 13. c5 Rf7 14. Nc4 Bd7 15. Qb3 Ng6 16. g4 fxg3 17. hxg3 Qf6 18. Be3 Bf8 19. Rh5 g4 20. fxg4 Ng7 21. Rh1 Qd8 22. Qd1 Ne8 23. b5 Be7 24. Qd2 Qc8 25. Rc1 Bxg4 26. Qd1 Bxe2 27. Qxe2 Qd8 28. Qg4 Ng7 29. Rc2 Qc8 30. Qe2 Qf8 31. Qh2 Ne8 32. Rf2 Qg7 33. Rxf7 Qxf7 34. Rf1 Qg7 35. Qh3 Nf8 36. Qf5 Qg6 37. Na5 Rb8 38. a3 a6 39. Kd2 Ng7 40. Qxg6 hxg6 41. Rh1 Nh7 42. Rh6 Nf8 43. Kd3 Nh5 44. Ne2 Ng7 45. g4 Ne8 46. Ng1 Kg7 47. Nf3 Bd8 48. Bd2 Be7 49. Kc3 1-0

[Event "Reunion op 11th"]
[Site "St Denis"]
[Date "2009.10.11"]
[Round "2"]
[White "Li Ying, Patrick"]
[Black "Lebon, Yohan"]
[Result "1/2-1/2"]
[WhiteElo "2142"]
[BlackElo "1780"]
[PlyCount "169"]
[EventDate "2009.10.10"]
[EventType "swiss"]
[EventRounds "9"]
[EventCountry "RUF"]
[SourceTitle "CBM 132 Extra"]
[Source "ChessBase"]
[SourceDate "2009.11.03"]
[SourceVersion "1"]
[SourceVersionDate "2009.11.03"]
[SourceQuality "1"]

1. d4 d5 2. Bf4 e6 3. e3 Nf6 4. Nf3 c5 5. c3 Be7 6. h3 Nc6 7. Be2 0-0 8. 0-0 Ne4 9. Nbd2 f5 10. Ne5 Bd7 11. f3 Nf6 12. Bh2 Be8 13. Bd3 Qb6 14. Qb1 cxd4 15. exd4 Nxe5 16. Bxe5 Nd7 17. Bg3 h6 18. Re1 Bf6 19. Kh1 Bf7 20. Qc2 Rac8 21. Qb3 Rfe8 22. Bb5 Qd8 23. Qa4 Nb6 24. Qxa7 Ra8 25. Qxb7 Re7 26. Qc6 Be8 27. Qc5 Ra5 28. a4 Nxa4 29. Rxa4 Rxb5 30. Qa3 Qb6 31. b4 Bc6 32. Bd6 Re8 33. Bc5 Qb8 34. Ra6 Bd7 35. Bd6 Qc8 36. Ra1 Bc6 37. Re1 Bg5 38. f4 Bh4 39. Re2 Bb7 40. Ra7 Qd8 41. Be5 Qc8 42. Kh2 Bd8 43. Re3 Bb6 44. Ra4 Kh7 45. Rg3 Re7 46. Qa1 Rf7 47. Qf1 Qd7 48. Bxg7 Rxg7 49. Re3 Bc6 50. Ra6 Bb7 51. Ra3 Bc8 52. Nf3 Bc7 53. Ne5 Bxe5 54. Rxe5 Qc6 55. Qa1 Qc4 56. Re3 Qc6 57. Ra8 Rbb7 58. Ra3 Rg6 59. Qb1 Rbg7 60. Ra2 Ba6 61. g4 Kh8 62. gxf5 exf5 63. Qxf5 Rf6 64. Re8+ Qxe8 65. Qxf6 Qg6 66. Qxg6 Rxg6 67. f5 Rf6 68. Kg3 Bc4 69. Ra8+ Kg7 70. Kf4 Bd3 71. Ke5 Rxf5+ 72. Ke6 Rh5 73. Ra7+ Kg6 74. Ra5 Rxh3 75. b5 Be4 76. Ra3 Rf3 77. Ra6 Rxc3 78. Kd7+ Kg5 79. b6 Bf5+ 80. Kd6 Bc8 81. Ra7 h5 82. b7 Bxb7 83. Rxb7 h4 84. Kxd5 h3 85. Rh7 1/2-1/2

[Event "Olympiad-38"]
[Site "Dresden"]
[Date "2008.11.21"]
[Round "8"]
[White "Galappaththi, Chinthaka Anuruddh"]
[Black "Li Ying, Patrick"]
[Result "1-0"]
[WhiteElo "2212"]
[BlackElo "2153"]
[PlyCount "117"]
[EventDate "2008.11.13"]
[EventType "team-swiss"]
[EventRounds "11"]
[EventCountry "GER"]
[SourceTitle "CBM 128"]
[Source "ChessBase"]
[SourceDate "2009.01.28"]
[SourceVersion "1"]
[SourceVersionDate "2009.01.28"]
[SourceQuality "1"]
[WhiteTeam "Sri Lanka"]
[BlackTeam "Mauritius"]
[WhiteTeamCountry "SRI"]
[BlackTeamCountry "MAU"]

1. d4 Nf6 2. c4 g6 3. Nc3 Bg7 4. g3 0-0 5. Bg2 c6 6. e4 d6 7. Nge2 e5 8. d5 a6 9. b4 cxd5 10. cxd5 Qb6 11. Rb1 Ng4 12. 0-0 f5 13. h3 Nf6 14. Be3 Qd8 15. Kh2 Nbd7 16. a4 Nxe4 17. Nxe4 fxe4 18. Nc3 Nf6 19. a5 Bd7 20. Rc1 Qe8 21. Bg5 Rc8 22. Qd2 Rc4 23. Bxf6 Rd4 24. Qb2 Bxf6 25. Nxe4 Be7 26. Rfd1 Rxd1 27. Rxd1 Bf5 28. Nc3 Qc8 29. g4 Bd7 30. Ne4 Qb8 31. Rc1 Rc8 32. Bf1 Rxc1 33. Qxc1 Qc8 34. Qxc8+ Bxc8 35. b5 axb5 36. Bxb5 Kf7 37. Kg3 h6 38. h4 h5 39. f3 Kf8 40. Nd2 Bd8 41. Nc4 Ke7 42. Ba4 Bc7 43. Bc2 hxg4 44. fxg4 Kf7 45. Nb6 Bxb6 46. axb6 Bd7 47. Bd3 Kf6 48. g5+ Kg7 49. h5 gxh5 50. Kh4 Bg4 51. Ba6 Bc8 52. Bb5 e4 53. Kxh5 e3 54. Kh4 Bf5 55. Kg3 Kg6 56. Kf4 Bd7 57. Ba6 bxa6 58. b7 e2 59. b8Q 1-0

[Event "Bled op-A 25th"]
[Site "Bled"]
[Date "2008.02.26"]
[Round "6"]
[White "Li Ying, Patrick"]
[Black "Kierzek, Mira"]
[Result "1-0"]
[WhiteElo "2157"]
[BlackElo "2012"]
[PlyCount "137"]
[EventDate "2008.02.23"]
[EventType "swiss"]
[EventRounds "9"]
[EventCountry "SLO"]
[SourceTitle "CBM 122 Extra"]
[Source "ChessBase"]
[SourceDate "2008.03.04"]
[SourceVersion "1"]
[SourceVersionDate "2008.03.04"]
[SourceQuality "1"]

1. d4 d5 2. Nf3 Nf6 3. Bf4 c6 4. c3 Bf5 5. e3 e6 6. Be2 Bd6 7. Bg3 0-0 8. 0-0 Bxg3 9. hxg3 h6 10. Nbd2 Nbd7 11. Qb3 Qc7 12. c4 Ne4 13. Nxe4 Bxe4 14. Rac1 dxc4 15. Qxc4 Qa5 16. b4 Qd5 17. Qxd5 exd5 18. b5 Rfc8 19. bxc6 bxc6 20. Ba6 Rc7 21. Nd2 Bf5 22. Nb3 Rb8 23. Rc3 Rb6 24. Be2 Rb4 25. Rfc1 Nb8 26. a3 Rb6 27. Nc5 Kf8 28. g4 Bd7 29. Bf3 Ke7 30. Na4 Rb5 31. Nc5 Rb6 32. Nd3 Rb5 33. a4 Ra5 34. Bd1 Na6 35. f3 Kd6 36. e4 f6 37. e5+ fxe5 38. dxe5+ Ke7 39. Nc5 Nxc5 40. Rxc5 Rxc5 41. Rxc5 g5 42. g3 Rb7 43. Kf2 Ke6 44. f4 Be8 45. Bc2 Ke7 46. f5 Kf7 47. Ke3 Re7 48. Kd4 Rb7 49. Ra5 Rb4+ 50. Kc3 Rb7 51. Bd3 Re7 52. Kd4 Rb7 53. Ba6 Re7 54. Bc8 Rc7 55. Be6+ Ke7 56. Kc5 Rb7 57. Bc8 Rc7 58. f6+ Kd8 59. Bf5 Rf7 60. Bg6 Rc7 61. Bxe8 Kxe8 62. e6 Kf8 63. Kd6 Rc8 64. Rxa7 d4 65. Kc5 Re8 66. Rf7+ Kg8 67. Re7 Rd8 68. Rd7 Re8 69. f7+ 1-0

[Event "Bled op-A 25th"]
[Site "Bled"]
[Date "2008.02.23"]
[Round "1"]
[White "Li Ying, Patrick"]
[Black "Dimitrov, Pavel"]
[Result "0-1"]
[WhiteElo "2157"]
[BlackElo "2448"]
[PlyCount "58"]
[EventDate "2008.02.23"]
[EventType "swiss"]
[EventRounds "9"]
[EventCountry "SLO"]
[SourceTitle "CBM 122 Extra"]
[Source "ChessBase"]
[SourceDate "2008.03.04"]
[SourceVersion "1"]
[SourceVersionDate "2008.03.04"]
[SourceQuality "1"]

1. d4 Nf6 2. Nf3 d5 3. Bf4 c6 4. c3 Bf5 5. e3 e6 6. Be2 h6 7. h3 Qb6 8. Qb3 Nbd7 9. Nbd2 Be7 10. 0-0 0-0 11. Ne5 Nxe5 12. Bxe5 Nd7 13. Qxb6 axb6 14. Bg3 b5 15. Rfe1 Nb6 16. a3 Rfc8 17. Bf3 Bf8 18. e4 Bg6 19. exd5 cxd5 20. Be2 Na4 21. Ra2 b4 22. cxb4 Rc2 23. Nb3 Nc3 24. bxc3 Rxa2 25. Nc5 R8xa3 26. Nxb7 Rxc3 27. Nc5 Rb2 28. Na4 Rxg3 29. Nxb2 Rb3 0-1

[Event "Reunion op 09th"]
[Site "Reunion"]
[Date "2007.10.20"]
[Round "8"]
[White "Li Ying, Patrick"]
[Black "Letreguilly, Olivier"]
[Result "1/2-1/2"]
[WhiteElo "2169"]
[BlackElo "2334"]
[PlyCount "101"]
[EventDate "2007.10.14"]
[EventType "swiss"]
[EventRounds "9"]
[EventCountry "RUF"]
[SourceTitle "EXT 2012"]
[Source "ChessBase"]
[SourceDate "2011.11.24"]
[SourceVersion "1"]
[SourceVersionDate "2011.11.24"]
[SourceQuality "1"]

1. Nf3 c5 2. c4 Nf6 3. g3 d5 4. cxd5 Nxd5 5. Bg2 Nc6 6. 0-0 e5 7. d3 Be7 8. Nc3 Nc7 9. b3 0-0 10. Bb2 f6 11. Rc1 Qe8 12. Na4 b6 13. d4 exd4 14. Nxd4 Bb7 15. Nxc6 Bxc6 16. Bxc6 Qxc6 17. Qc2 Ne6 18. b4 Rac8 19. bxc5 b5 20. Nc3 Nxc5 21. e4 Rfd8 22. Nd5 Bf8 23. Rfd1 f5 24. Bd4 Qe6 25. Bxc5 Rxc5 26. Qb3 Rxc1 27. Rxc1 fxe4 28. Nf6+ Kf7 29. Nxh7 Qxb3 30. axb3 Be7 31. h4 Rd3 32. Rc7 e3 33. Ng5+ Ke8 34. fxe3 a5 35. Ra7 Rxe3 36. Kf2 Bxg5 37. hxg5 Rxb3 38. Rxa5 g6 39. Ra7 Rc3 40. Rb7 Rc5 41. Kf3 Rxg5 42. Kf4 Rf5+ 43. Ke4 Rc5 44. Rg7 Rc6 45. Kd5 Rf6 46. g4 b4 47. Rb7 Rf4 48. g5 Kd8 49. Rb6 Rf5+ 50. Kd6 Kc8 51. Rxb4 1/2-1/2

[Event "Reunion op 09th"]
[Site "Reunion"]
[Date "2007.10.16"]
[Round "4"]
[White "Li Ying, Patrick"]
[Black "Lorans, Sylvain"]
[Result "0-1"]
[WhiteElo "2169"]
[BlackElo "2186"]
[PlyCount "62"]
[EventDate "2007.10.14"]
[EventType "swiss"]
[EventRounds "9"]
[EventCountry "RUF"]
[SourceTitle "EXT 2012"]
[Source "ChessBase"]
[SourceDate "2011.11.24"]
[SourceVersion "1"]
[SourceVersionDate "2011.11.24"]
[SourceQuality "1"]

1. d4 d5 2. Bf4 Nf6 3. e3 Bf5 4. h3 e6 5. Nf3 Bd6 6. Ne5 0-0 7. Nd2 c5 8. c3 Qc7 9. Be2 Nc6 10. Ndf3 Ne4 11. Nxc6 Bxf4 12. Nce5 Bxe5 13. Nxe5 c4 14. Bg4 Bxg4 15. hxg4 b5 16. Qc2 Rab8 17. Nf3 b4 18. Nd2 f5 19. Nxe4 fxe4 20. f4 Qa5 21. 0-0 Rb7 22. cxb4 Rxb4 23. b3 Qa3 24. f5 exf5 25. Rxf5 Rxf5 26. gxf5 Rxb3 27. axb3 Qxa1+ 28. Kh2 c3 29. Qe2 Qa5 30. Qh5 Qc7+ 31. g3 Qc6 0-1